Štátny fond rozvoja bývania po novom

Koncepcia štátnej bytovej politiky. Zmeny v zákone o Štátnom fonde rozvoja bývania platné od januára 2016.

Guardado en:
Detalles Bibliográficos
Autor principal: Matulková, Mariana
Formato: Capítulo de libro
Lenguaje:eslovaco
Materias:
Etiquetas: Agregar Etiqueta
Sin Etiquetas, Sea el primero en etiquetar este registro!

MARC

LEADER 00000naa a2200000 4500
001 0211044
005 20231120130959.7
041 0 |a slo 
044 |a SK 
245 1 0 |a Štátny fond rozvoja bývania po novom  |c Mariana Matulková 
520 |a Koncepcia štátnej bytovej politiky. Zmeny v zákone o Štátnom fonde rozvoja bývania platné od januára 2016. 
610 2 0 |a politika bytová 
610 2 0 |a fond bytový 
610 2 0 |a legislatíva 
610 2 0 |a Slovensko 
100 1 |a Matulková, Mariana